TDM szervezetek szerepe a Balaton turizmusának a fejlesztésében

Bibliographic Details
Main Author: Hidvégi Bernadett
Other Authors: Holczerné Szentirmai Ágnes
Format: Thesis
Kulcsszavak:TDM
Balaton
Turizmusfejlesztés
turisztikai régió bemutatás
Balatoni turizmus
Online Access:http://dolgozattar.uni-bge.hu/6207

MARC

LEADER 00000nta a2200000 i 4500
001 dolg6207
005 20170103131800.0
008 160513suuuu hu om 000 hun d
040 |a BGE Dolgozattár Repozitórium  |b hun 
041 |a hu 
100 1 |a Hidvégi Bernadett 
245 1 0 |a TDM szervezetek szerepe a Balaton turizmusának a fejlesztésében  |c Hidvégi Bernadett  |h [elektronikus dokumentum] 
246 1 1 |a TDM szervezetek szerepe a Balaton turizmusának fejlesztésében 
695 |a TDM 
695 |a Balaton 
695 |a Turizmusfejlesztés 
695 |a turisztikai régió bemutatás 
695 |a Balatoni turizmus 
700 1 |a Holczerné Szentirmai Ágnes  |e ths 
856 4 0 |u http://dolgozattar.uni-bge.hu/6207/1/Hidv%C3%A9gi%20Bernadett%20Szakdolgozat_TDM%20a%20Balatonn%C3%A1l%20_v%C3%A9gleges.pdf  |z Dokumentum-elérés